COMPUTER APPLICATIONS IN MECHANICAL ENGINEERING (Record no. 207083)
[ view plain ]
| 000 -LEADER | |
|---|---|
| fixed length control field | 00378nam a2200145Ia 4500 |
| 008 - FIXED-LENGTH DATA ELEMENTS--GENERAL INFORMATION | |
| fixed length control field | 220928s9999 xx 000 0 und d |
| 020 ## - INTERNATIONAL STANDARD BOOK NUMBER | |
| International Standard Book Number | 9789382369158 |
| 082 ## - DEWEY DECIMAL CLASSIFICATION NUMBER | |
| Item number | KAP |
| 100 ## - MAIN ENTRY--PERSONAL NAME | |
| Personal name | KAPILA, HEMANT |
| 245 #0 - TITLE STATEMENT | |
| Title | COMPUTER APPLICATIONS IN MECHANICAL ENGINEERING |
| 260 ## - PUBLICATION, DISTRIBUTION, ETC. | |
| Name of publisher, distributor, etc. | EAGLE PRAKASHAN, JALANDHAR |
| Date of publication, distribution, etc. | 2013 |
| 300 ## - PHYSICAL DESCRIPTION | |
| Extent | CA-86 |
| 650 ## - SUBJECT ADDED ENTRY--TOPICAL TERM | |
| Topical term or geographic name entry element | Computer Science |
| 942 ## - ADDED ENTRY ELEMENTS (KOHA) | |
| Koha item type | Book |
| Withdrawn status | Lost status | Damaged status | Not for loan | Home library | Current library | Shelving location | Date acquired | Total Checkouts | Full call number | Barcode | Date last seen | Price effective from | Koha item type | Public note |
|---|---|---|---|---|---|---|---|---|---|---|---|---|---|---|
| Mewar University Central Library | Mewar University Central Library | Donated | 28/02/2018 | 620.0042029 KAP-C | DN1217 | 28/09/2022 | 28/02/2018 | Book | Mechanical Engineering R-19 S-4 |